000 00406nam a2200145 i 4500
001 82328
003 ES-MaACL
005 20230906174644.0
007 t|
008 041108s1918 ag ||||1| spa d
100 1 _aInfante, J. Daniel.
_965254
245 1 3 _aEl problema agrario /
_cJ. Daniel Infante.
260 _aRosario (Argentina) :
_b[s.n.,
_c1918] (
_fEst. B. Tamburini)
852 _aES-MaACL
_j1569-F-10
999 _c82328
_d82328